>ديوان شهاب الدين بن الخيمي (685هـ) تحقيق ودراسة : [The Dīwān of Shihāb al-Dīn Ibn al-Khaymī: Edition and Study] /

يتميز هذا الكتاب بأنه أول كتاب يحتوي على تحقيق ديوان شهاب الدين بن الخيمي الشاعر الأيوبي المتوفى سنة (586هـ/6821م)، والذي يحتوي على أكثر من 0017 بيت شعري. تحقيقًا يتبع أصول المنهج التحقيقي المتعارف عليها، مع صنع فهارس عامة له، إضافة لاشتماله على ملحقات الديوان مما لم يرد فيه من أشعار تزيد على 03 بيت...

وصف كامل

محفوظ في:

المؤلف الرئيسي: al-Khaymī, Shihāb al-Dīn Ibn (مؤلف)

مؤلفون آخرون: Kamel, Samir Omar (المحرر)

التنسيق: كتاب الكتروني

اللغة: English
Arabic

منشور في: Leiden ; Boston : Brill, 2025.

سلاسل: Islamic Sources / Maṣādir Islāmiyya ; 4.
Middle East and Islamic Studies E-Books Online, Collection 2025.

الموضوعات:

الوصول للمادة أونلاين: Login to view Source

الوسوم: إضافة وسم

لا توجد وسوم, كن أول من يضع وسما على هذه التسجيلة!

رقم الطلب: BP172

LEADER 02709nam a22004938i 4500
001 BRILL9789004738881
003 nllekb
005 20251230231211.0
006 m d
007 cr un uuuua
008 250606s2025 gw sb 001 0 eng d
020 |a 9789004738881  |q (electronic book) 
020 |z 9789004738850  |q (print) 
024 7 |a 10.1163/9789004738881  |2 DOI 
035 |z (OCoLC)1514900284 
040 |a NL-LeKB  |c NL-LeKB  |e rda 
041 |a ara 
050 4 |a BP172 
072 7 |a DCF  |2 bicssc 
072 7 |a POE  |x 000000  |2 bisacsh 
082 0 4 |a 261.2/7  |2 23 
100 1 |a al-Khaymī, Shihāb al-Dīn Ibn,  |e author. 
245 1 0 |a >ديوان شهاب الدين بن الخيمي (685هـ) تحقيق ودراسة :  |b [The Dīwān of Shihāb al-Dīn Ibn al-Khaymī: Edition and Study] /  |c Shihāb al-Dīn Ibn al-Khaymī ; edited by Samir Omar Kamel. 
246 3 |a [The Dīwān of Shihāb al-Dīn Ibn al-Khaymī: Edition and Study] 
264 1 |a Leiden ;  |a Boston :  |b Brill,  |c 2025. 
264 4 |c ©2025 
300 |a 1 online resource (220 pages) :  |b illustrations. 
336 |a text  |b txt  |2 rdacontent 
337 |a computer  |b c  |2 rdamedia 
338 |a online resource  |2 rdacarrier 
490 1 |a Islamic Sources / Maṣādir Islāmiyya ;  |v 4 
490 1 |a Middle East and Islamic Studies E-Books Online, Collection 2025 
504 |a Includes bibliographical references and index. 
520 |a يتميز هذا الكتاب بأنه أول كتاب يحتوي على تحقيق ديوان شهاب الدين بن الخيمي الشاعر الأيوبي المتوفى سنة (586هـ/6821م)، والذي يحتوي على أكثر من 0017 بيت شعري. تحقيقًا يتبع أصول المنهج التحقيقي المتعارف عليها، مع صنع فهارس عامة له، إضافة لاشتماله على ملحقات الديوان مما لم يرد فيه من أشعار تزيد على 03 بيتًا، مع دراسة أسلوبية شاملة له تستقصى جوانبه الفنية كلها. 
546 |a Arabic 
588 |a Description based on print version record. 
650 0 |a Middle East and Islamic Studies. 
700 1 |a Kamel, Samir Omar,  |e editor. 
776 0 8 |i Print version:  |t >ديوان شهاب الدين بن الخيمي (685هـ) تحقيق ودراسة : [The Dīwān of Shihāb al-Dīn Ibn al-Khaymī: Edition and Study].  |d Leiden ; Boston : Brill, 2025.  |z 9789004738850 
830 0 |a Islamic Sources / Maṣādir Islāmiyya ;  |v 4. 
830 0 |a Middle East and Islamic Studies E-Books Online, Collection 2025. 
856 4 |z DOI:   |u http://dx.doi.org/10.1163/9789004738881 
942 |2 lcc  |c EBOOK 
999 |c 61689  |d 61689